| 000 | 00404cam a2200157ua 4500 | ||
|---|---|---|---|
| 003 | OSt | ||
| 008 | 250315b |||||||| |||| 00| 0 eng d | ||
| 020 | _a0-07-460027-3 | ||
| 041 | _aeng | ||
| 082 |
_a621.9 _bBAW/WO |
||
| 100 |
_aBawa, H.S . _97296 |
||
| 245 | _aWorkshop technology, Vol.II / | ||
| 260 |
_aNew Delhi : _bTata Mc-Graw Hill Publishing Company , _c1995. |
||
| 300 | _a379 ; . | ||
| 942 | _cBK | ||
| 999 |
_c8762 _d8762 |
||